An introduction to modern social and political thought
Αποθηκεύτηκε σε:
| Κύριος συγγραφέας: | |
|---|---|
| Μορφή: | Βιβλίο |
| Γλώσσα: | English |
| Δημοσίευση: |
London :
MacMillan,
1981
|
| Θέματα: | |
| Ετικέτες: |
Προσθήκη ετικέτας
Δεν υπάρχουν, Καταχωρήστε ετικέτα πρώτοι!
|
MARC
| LEADER | 00000nam a2200000 i 4500 | ||
|---|---|---|---|
| 001 | 1/32064 | ||
| 008 | 960405s1981 eng d | ||
| 020 | |a 0333270290 | ||
| 035 | |l 10023692 | ||
| 040 | |a GR-MY-UA |b gre |e aacr | ||
| 041 | 0 | |a eng | |
| 082 | 0 | |a 320.5 | |
| 100 | 1 | |a Gamble, Andrew. | |
| 245 | 1 | 3 | |a An introduction to modern social and political thought |
| 260 | |a London : |b MacMillan, |c 1981 | ||
| 300 | |a 264 p. | ||
| 650 | 0 | 0 | |a Political science |x History. |
| 650 | 0 | 0 | |a Economics |x History. |
| 650 | 0 | 0 | |a Sociology |x History. |
| 650 | 0 | 0 | |a Civilization, Western |x History. |
| 852 | |a INST |b CHIOS |e 19960405 |h 320.5 GAM |p 005200006059 |q 005200006059 |t BK |y 0 | ||
| 909 | |a Χ |b 001747 | ||